000 00295nam a22001337a 4500
008 180914b xxu||||| |||| 00| 0 eng d
020 _a9780801883552
041 _aeng
080 _24 ED
_a330
100 _a52
101 _aECO
245 _aUrban Economics
_cSullivan.A.O
942 _2udc
_cBK
999 _c47806
_d47806